| 000 | 00528nam a22001937a 4500 | ||
|---|---|---|---|
| 999 |
_c7868 _d7868 |
||
| 003 | OSt | ||
| 005 | 20220405160303.0 | ||
| 008 | 220405b ||||| |||| 00| 0 eng d | ||
| 020 | _a0415121264 | ||
| 040 | _cDDC | ||
| 082 | _a305.4 BRA 1996 | ||
| 100 |
_aBrah, Avtar _915996 |
||
| 245 |
_aCartographies of diaspora : _bcontesting identities |
||
| 260 |
_aNewyork: _bRoutledge, _cC 1996 |
||
| 300 |
_aix,276p.; _c22cm |
||
| 504 | _aIndex Bibliography | ||
| 650 |
_aGreat Britain- race relation ship _915997 |
||
| 942 |
_2ddc _cBOOK |
||